Língua Portuguesa - Análise Sintática! - Statistics

Estatísticas Gerais
  • Esse quiz foi jogado 226 vezes
  • A pontuação média é 7 de 18
Estatísticas das Respostas
Oração Termo para análise Classificação Sintática % Correto
Eduardo e Mônica um dia se encontraram. "Eduardo e Mônica" Sujeito
99%
Caíram os livros da estante. "os livros" Sujeito
54%
Roberto, que era garçom, se aposentou. "que era garçom" Aposto
51%
Precisa-se de pedreiros. "de pedreiros" Objeto Indireto
48%
Luciana, não beba demais. "Luciana" Vocativo
48%
Alugam-se casas. "casas" Sujeito
47%
Prenderam o ladrão em flagrante. "em flagrante" Adjunto Adverbial
33%
Otávio sempre responde às perguntas. "às perguntas" Objeto Indireto
33%
Paulo vendeu a casa da praia. "da praia" Complemento Nominal
32%
Bruno foi mordido pelo cachorro. "pelo cachorro" Agente da Passiva
30%
Tauane sabe fazer café. "fazer café" Objeto Direto
30%
O abacate caiu de maduro. "de maduro" Adjunto Adverbial
27%
Não tenha medo do escuro! "do escuro" Complemento Nominal
27%
Pietro saiu à francesa. "à francesa" Adjunto Adverbial
25%
Leonardo é lanterna do Cartola. "lanterna do Cartola" Predicativo
25%
Chove sempre que eu mando lavar o carro. "sempre que eu mando lavar o carro" Adjunto Adverbial
24%
Casa de ferreiro, espeto de pau. "de pau" Complemento Nominal
23%
Ígor, que é magro, come muito. "que" Sujeito
16%
Nenhum quiz correspondente encontrado
Distribuição das Pontuações
Porcentagem de Pessoas com Cada Pontuação
Percentil de Números Respondidos
Sua Pontuação Histórica
Você não jogou esse quiz